R Graphics Cookbook Practical Recipes for Visualizing Data
Salvato in:
| Autore principale: | |
|---|---|
| Natura: | Libro |
| Lingua: | inglese |
| Pubblicazione: |
Sebastopol
O'Reilly
2019
|
| Edizione: | 2nd Edition |
| Soggetti: | |
| Tags: |
Nessun Tag, puoi essere il primo ad aggiungerne!!
|
MARC
| LEADER | 00000nam a2200000 4500 | ||
|---|---|---|---|
| 001 | 0269806 | ||
| 005 | 20240229085208.0 | ||
| 020 | |a 978-1-491-97860-3 | ||
| 041 | 0 | |a eng | |
| 044 | |a US | ||
| 245 | 1 | 0 | |a R Graphics Cookbook |b Practical Recipes for Visualizing Data |c Winston Chang |
| 250 | |a 2nd Edition | ||
| 264 | 1 | |a Sebastopol |b O'Reilly |c 2019 | |
| 300 | |a 425 s. | ||
| 610 | 2 | 0 | |a spracovanie dát |
| 610 | 2 | 0 | |a analýza dát |
| 610 | 2 | 0 | |a jazyky programovacie |
| 610 | 2 | 0 | |a softvér |
| 610 | 2 | 0 | |a grafika počítačová |
| 610 | 2 | 0 | |a grafy |
| 100 | 1 | |a Chang, Winston | |